[Event "Buenos Aires La Porta Cup"]
[Site "Buenos Aires"]
[Date "2019.03.20"]
[Round "1"]
[White "Saldano Dayer, Horacio"]
[Black "Baudel, Simon"]
[Result "1-0"]
[WhiteElo "2422"]
[BlackElo "1836"]
[PlyCount "79"]
[EventDate "2019.03.20"]
[EventType "swiss"]
[EventRounds "9"]
[EventCountry "ARG"]
[SourceTitle "CBM 189 Extra"]
[Source "ChessBase"]
[SourceDate "2019.06.03"]
[SourceVersion "1"]
[SourceVersionDate "2019.06.03"]
[SourceQuality "1"]

1. Nf3 b6 2. c4 Bb7 3. Nc3 f5 4. g3 Nf6 5. Bg2 e6 6. 0-0 Bb4 7. Qc2 0-0 8. a3 Bxc3 9. Qxc3 Ne4 10. Qc2 Ng5 11. Nxg5 Bxg2 12. Nxe6 dxe6 13. Kxg2 e5 14. b4 Nd7 15. Bb2 c5 16. bxc5 bxc5 17. Bc3 Qc7 18. Rab1 h5 19. Qd3 Nb6 20. Qf3 g6 21. Kg1 e4 22. Qe3 Nxc4 23. Qh6 Qh7 24. Qxh7+ Kxh7 25. Rb7+ Kh6 26. Bg7+ Kg5 27. h4+ Kg4 28. Bxf8 Rxf8 29. Kg2 f4 30. f3+ exf3+ 31. exf3+ Kf5 32. Rc1 Nxd2 33. Rxc5+ Ke6 34. Rb2 Rd8 35. Rcc2 Nxf3 36. Kxf3 fxg3 37. Kxg3 Rd3+ 38. Kg2 Rxa3 39. Rc6+ Kd7 40. Rxg6 1-0

[Event "Montevideo Duchamp Cup 2nd"]
[Site "Montevideo"]
[Date "2018.02.08"]
[Round "9"]
[White "Palacio, Enzo"]
[Black "Baudel, Simon"]
[Result "0-1"]
[WhiteElo "1675"]
[BlackElo "1825"]
[PlyCount "186"]
[EventDate "2018.02.02"]
[EventType "swiss"]
[EventRounds "9"]
[EventCountry "URU"]
[SourceTitle "CBM 182 Extra"]
[Source "ChessBase"]
[SourceDate "2018.02.23"]
[SourceVersion "1"]
[SourceVersionDate "2018.02.23"]
[SourceQuality "1"]

1. e4 d5 2. exd5 Nf6 3. d4 Bf5 4. Bb5+ c6 5. dxc6 Nxc6 6. f3 Bd7 7. c3 e6 8. Bf4 Qb6 9. Qb3 Nd5 10. Bd2 Qc7 11. Ne2 Na5 12. Bxd7+ Qxd7 13. Qc2 Be7 14. Nf4 Rc8 15. Nxd5 exd5 16. Bf4 0-0 17. 0-0 Rfe8 18. Nd2 Qb5 19. Rfe1 Bf6 20. Nb3 Nxb3 21. Qxb3 Qc6 22. Rad1 Re6 23. Rxe6 fxe6 24. Re1 Kf7 25. Kf2 b5 26. Qa3 Be7 27. Qxa7 Ra8 28. Qc7 Qxc7 29. Bxc7 Rxa2 30. Re2 g6 31. Ke3 Bg5+ 32. Bf4 Be7 33. Kd3 Bf8 34. g4 Be7 35. Kc2 Ra1 36. Kd3 Rf1 37. Ke3 Ra1 38. Bc7 Ra2 39. Kf4 Ba3 40. Ke3 Rxb2 41. Rxb2 Bxb2 42. Kd3 Ba3 43. Kc2 Ke8 44. Kd3 Kd7 45. Ba5 Bd6 46. h3 Bf4 47. Bb6 Bd6 48. Ba5 Ke8 49. Ke3 Kf7 50. Bd8 Ba3 51. Kf4 Bd6+ 52. Ke3 Ke8 53. Bf6 Kd7 54. Bh4 Bc7 55. Be1 Kc6 56. Bh4 Bd6 57. Kd3 Bf4 58. Be7 Bc7 59. Bb4 Bd8 60. Ke3 Bc7 61. Be7 Kb6 62. Bb4 Kc6 63. Be7 Bb6 64. Bb4 e5 65. f4 exd4+ 66. cxd4 Kd7 67. f5 gxf5 68. gxf5 Bc7 69. Kf3 Ke8 70. Kg4 Kf7 71. h4 Bd8 72. h5 Kf6 73. Kf4 Bc7+ 74. Kg4 Bh2 75. Bc3 Bg1 76. Kf4 Bf2 77. Kg4 Be3 78. Bb2 b4 79. Kf3 Bh6 80. Kg4 Bf8 81. Kf4 Bh6+ 82. Kg4 Bd2 83. Kf3 Kxf5 84. Ke2 Bh6 85. Kd3 Kg4 86. Kc2 Kxh5 87. Kb3 Bd2 88. Ka4 Bc3 89. Bxc3 bxc3 90. Kb3 Kg4 91. Kxc3 Kf4 92. Kb4 h5 93. Kc5 Ke4 0-1

[Event "Montevideo Duchamp Cup 2nd"]
[Site "Montevideo"]
[Date "2018.02.04"]
[Round "4"]
[White "Baudel, Simon"]
[Black "Escofet Fernandez, Jaime"]
[Result "1/2-1/2"]
[WhiteElo "1825"]
[BlackElo "2031"]
[PlyCount "85"]
[EventDate "2018.02.02"]
[EventType "swiss"]
[EventRounds "9"]
[EventCountry "URU"]
[SourceTitle "CBM 182 Extra"]
[Source "ChessBase"]
[SourceDate "2018.02.23"]
[SourceVersion "1"]
[SourceVersionDate "2018.02.23"]
[SourceQuality "1"]

1. f4 d5 2. Nf3 g6 3. c3 Bg7 4. d3 Nf6 5. Qc2 Nc6 6. e4 0-0 7. e5 Ng4 8. h3 Nh6 9. g4 f6 10. d4 fxe5 11. dxe5 d4 12. cxd4 Be6 13. Bc4 Bd5 14. Qb3 e6 15. Bxd5 exd5 16. Nc3 Ne7 17. Be3 c6 18. 0-0-0 b5 19. Ne4 Kh8 20. Nc5 Qc8 21. Ng5 a5 22. Nge6 Re8 23. Nxg7 Kxg7 24. f5 gxf5 25. Bxh6+ Kxh6 26. Qg3 Ng6 27. Nd3 Rf8 28. Rdf1 f4 29. Nxf4 c5 30. Nxg6 cxd4+ 31. Kb1 Kxg6 32. Qd3+ Kg7 33. Rxf8 Qxf8 34. Qxd4 Qf3 35. Rd1 Rd8 36. Qd3 Qxd3+ 37. Rxd3 Kf7 38. Kc2 Ke6 39. Re3 Rf8 40. a3 Rf2+ 41. Kc3 Rf4 42. Kd3 Rf2 43. Kc3 1/2-1/2

[Event "Montevideo Duchamp Cup 1st"]
[Site "Montevideo"]
[Date "2017.02.14"]
[Round "8"]
[White "Baudel, Simon"]
[Black "Muzzi, Eduardo"]
[Result "0-1"]
[WhiteElo "1754"]
[BlackElo "1936"]
[PlyCount "80"]
[EventDate "2017.02.09"]
[EventType "swiss"]
[EventRounds "9"]
[EventCountry "URU"]
[SourceTitle "CBM 176 Extra"]
[Source "ChessBase"]
[SourceDate "2017.03.02"]
[SourceVersion "1"]
[SourceVersionDate "2017.03.02"]
[SourceQuality "1"]

1. g3 Nf6 2. Bg2 d5 3. d4 c5 4. Nf3 Nc6 5. 0-0 e6 6. b3 Be7 7. dxc5 0-0 8. Bb2 Bxc5 9. e3 Qe7 10. Nbd2 Rd8 11. Qb1 b6 12. c4 Bb7 13. a3 a5 14. Ne5 Nxe5 15. Bxe5 Ng4 16. Qb2 Nxe5 17. Qxe5 Bxa3 18. cxd5 Bxd5 19. e4 Bb7 20. Nc4 Bc5 21. Rfd1 Rxd1+ 22. Rxd1 Rd8 23. Ne3 Bxe3 24. Rxd8+ Qxd8 25. fxe3 Ba6 26. Qa1 Qd2 27. Qb1 Qxe3+ 28. Kh1 Bd3 29. Qd1 h6 30. h4 Qxg3 31. Qd2 Qxh4+ 32. Kg1 Qg3 33. Kh1 h5 34. b4 h4 35. e5 h3 36. Bc6 Bf1 37. Qd8+ Kh7 38. Be4+ g6 39. bxa5 Bg2+ 40. Kg1 h2# 0-1